Vyhodnocovanie rizík derivátových obchodov a ich vplyv na kapitálovú primeranosť komerčných bánk SR diplomová práca

Salvato in:
Dettagli Bibliografici
Autore principale: Šaro, Igor
Ente Autore: Národohospodárska fakulta EU. Katedra bankovníctva a medzinárodných financií
Altri autori: Schwarzová, Mária
Natura: Libro
Lingua:slovacco
Pubblicazione: Bratislava 2017
Tags: Aggiungi Tag
Nessun Tag, puoi essere il primo ad aggiungerne!!

MARC

LEADER 00000nbm a2200000 4500
001 0231742
005 20180112121234.8
041 0 |a slo 
044 |a SK 
245 1 0 |a Vyhodnocovanie rizík derivátových obchodov a ich vplyv na kapitálovú primeranosť komerčných bánk SR  |b diplomová práca  |c Igor Šaro ; školiteľ: Mária Schwarzová 
264 1 |a Bratislava  |c 2017 
300 |a 92 s. 
100 1 |a Šaro, Igor 
700 1 |a Schwarzová, Mária 
710 2 |a Národohospodárska fakulta EU. Katedra bankovníctva a medzinárodných financií